00322pab a2200121 454500008004000000100002100040245003900061260000900100300000900109362001000118650002000128773005200148180718b1990 xxu||||| |||| 00| 0 eng d aSubrahmanyam, D. aIssues of Urban povertybA comment c1990 a70-9 aSept. aPoverty - India aJournal of the Institute of Town Planners India